Halley's Comet - Billie Eilish - Statistics

General Stats
  • This quiz has been taken 125 times
    89 since last reset
  • The average score is 112 of 126
Answer Stats
Hint Answer % Correct
Verse 1 | Verse 3 I
100%
in
100%
my
100%
you
100%
a
97%
and
97%
comet
97%
Verse 2 Halley's
97%
it
97%
to
97%
around
95%
be
95%
but
95%
comes
95%
do
95%
honest
95%
me
95%
more
95%
than
95%
admit
92%
don't
92%
dreams
92%
must
92%
quite
92%
seem
92%
want
92%
few
90%
for
90%
love
90%
with
90%
you've
90%
been
87%
am
85%
fall
85%
was
85%
3
82%
are
82%
like
82%
midnight
82%
silly
82%
break
79%
haven't
79%
is
79%
made
79%
nights
79%
now
79%
promise
79%
since
79%
slept
79%
sunday
79%
alone
77%
better
77%
drag
77%
im
77%
sleepless
77%
takes
77%
this
77%
what
77%
all
74%
ever
74%
feel
74%
Verse 4 I've
74%
you're
74%
before
72%
could
72%
moment
72%
right
72%
at
69%
loved
69%
good
64%
hopeless
64%
nothin'
64%
feeling
62%
No matching quizzes found
Score Distribution
Percent of People with Each Score
Percentile by Number Answered
Your Score History
You have not taken this quiz since the last reset